Statistics for Every Song by Alice in Chains

Click here to take the quiz!

General Stats

  • This quiz has been taken 47 times
    (34 since last reset)
  • The average score is 37 of 94

Answer Stats

AlbumSong% Correct
Facelift(1990)We Die Young
96%
Facelift(1990)Man in the Box
92%
Dirt(1992)Rooster
92%
Dirt(1992)Would?
92%
Dirt(1992)Down in a Hole
83%
Dirt(1992)Angry Chair
79%
Dirt(1992)Dam That River
79%
Dirt(1992)Dirt
79%
Dirt(1992)Them Bones
75%
Jar of Flies(1994)Nutshell
71%
Dirt(1992)Rain When I Die
63%
Jar of Flies(1994)Rotten Apple
63%
Facelift(1990)Sea of Sorrow
63%
Black Gives Way to Blue(2009)Black Gives Way to Blue
58%
Sap(1992)Brother
58%
Alice in Chains(1995)Heaven Beside You
58%
Alice in Chains(1995)God Am
54%
Dirt(1992)God Smack
54%
Dirt(1992)Junkhead
54%
Facelift(1990)Love, Hate, Love
54%
Jar of Flies(1994)No Excuses
54%
Dirt(1992)Sickman
54%
Jar of Flies(1994)Whale & Wasp
54%
Alice in Chains(1995)Frogs
50%
Alice in Chains(1995)Grind
50%
Dirt(1992)Hate to Feel
50%
Dirt(1992)Iron Gland
50%
Jar of Flies(1994)I Stay Away
50%
Facelift(1990)It Ain't Like That
50%
Alice in Chains(1995)Sludge Factory
50%
Jar of Flies(1994)Swing on This
50%
Alice in Chains(1995)Again
46%
Facelift(1990)Bleed the Freak
46%
Sap(1992)Got Me Wrong
46%
Alice in Chains(1995)Over Now
46%
Sap(1992)Right Turn
46%
Facelift(1990)Sunshine
46%
The Devil Put Dinosaurs Here(2013)The Devil Put Dinosaurs Here
46%
Facelift(1990)Confusion
42%
Jar of Flies(1994)Don't Follow
42%
Facelift(1990)I Know Something (Bout You)
42%
Sap(Hidden)(1992)Love Song
42%
Alice in Chains(1995)Nothin' Song
42%
Rainier Fog(2018)Rainier Fog
42%
Nothing Safe: Best of the Box(1999)What the Hell Have I
42%
Sap(1992)Am I Inside
38%
Alice in Chains(1995)Brush Away
38%
Alice in Chains(1995)Head Creeps
38%
Unplugged(1996)Killer is Me
38%
Facelift(1990)Put You Down
38%
Black Gives Way to Blue(2009)Check My Brain
33%
Facelift(1990)I Can't Remember
33%
Nothing Safe: Best of the Box(1999)Get Born Again
29%
We Die Young(1990)Killing Yourself
29%
Music Bank(1999)Queen of the Rodeo
29%
Facelift(1990)Real Thing
29%
Alice in Chains(1995)Shame in You
29%
Alice in Chains(1995)So Close
29%
The Devil Put Dinosaurs Here(2013)Stone
29%
Black Gives Way to Blue(2009)Acid Bubble
25%
Music Bank(1999)A Little Bitter
25%
Music Bank(1999)Died
25%
The Devil Put Dinosaurs Here(2013)Hollow
25%
Music Bank(1999)Lying Season
25%
Music Bank(1999)Social Parasite
25%
Black Gives Way to Blue(2009)Your Decision
25%
The Devil Put Dinosaurs Here(2013)Choke
21%
Rainier Fog(2018)Drone
21%
Music Bank(1999)Fear the Voices
21%
Music Bank(1999)I Can't Have You Blues
21%
The Devil Put Dinosaurs Here(2013)Lab Monkey
21%
Black Gives Way to Blue(2009)Last of My Kind
21%
The Devil Put Dinosaurs Here(2013)Low Ceiling
21%
The Devil Put Dinosaurs Here(2013)Phantom Limb
21%
Black Gives Way to Blue(2009)Private Hell
21%
The Devil Put Dinosaurs Here(2013)Scalpel
21%
Black Gives Way to Blue(2009)Take Her Out
21%
The Devil Put Dinosaurs Here(2013)Voices
21%
Music Bank(1999)Whatcha Gonna Do
21%
Black Gives Way to Blue(2009)All Secrets Known
17%
The Devil Put Dinosaurs Here(2013)Breath on a Window
17%
The Devil Put Dinosaurs Here(2013)Hung on a Hook
17%
Black Gives Way to Blue(2009)Lesson Learned
17%
The Devil Put Dinosaurs Here(2013)Pretty Done
17%
Rainier Fog(2018)Red Giant
17%
Black Gives Way to Blue(2009)When The Sun Rose Again
17%
Rainier Fog(2018)All I Am
13%
Black Gives Way to Blue(2009)A Looking in View
13%
Rainier Fog(2018)Never Fade
13%
Rainier Fog(2018)So Far Under
13%
Rainier Fog(2018)The One You Know
13%
Rainier Fog(2018)Fly
8%
Rainier Fog(2018)Deaf Ears Blind Eyes
4%
Rainier Fog(2018)Maybe
4%

Score Distribution

Percentile by Number Answered

Percent of People with Each Score

Your Score History

You have not taken this quiz since the last reset